000 00697nam a2200277Ia 4500
005 20250425161919.0
008 250425s9999 xx 000 0 und d
020 _a9701006180
041 _aspa
043 _amx
082 _a658.81
100 _aALESSANDRA, ANTHONY
245 0 _aSEA SU PROPIO GERENTE DE VENTAS
250 _a1A ED.
260 _aMEXICO
260 _aMéxico
_bMCGRAW-HILL
_c1992
300 _a262
500 _aTítulo Traducido: BE YOUR OWN SALES MANAGER
650 _aADMINISTRACION DE VENTAS
650 _aCOMPETENCIA
650 _aESTRATEGIAS DE VENTA
650 _aGERENTES
700 _aPILAR V.MASCARO
_etraductor
942 _c01
010 _a34769
999 _c218749
_d218749